000 00813nam a22001337a 4500
040 _cRUA
082 _aAGR LY 2003 B029 Or.1
100 _aLY DINA
245 _aA study on the effects of different ages seedling tranplantation of neang toy rice variety over the growth and yield at royal university of agriculture,(សិក្សាអំពីឥទ្ធិពលនៃការស្ទូងអាយុសំណាបខុសៗគា្នទៅលើការលូតលាស់ និងទិន្នផលស្រូវនាងតយនៅសាកលវិទ្យាល័យភូមិន្ទកសិកម្ម)
260 _aphnom penh
_bRUA
_c2003
300 _ax,45p.
_cill.
856 _uhttps://drive.google.com/file/d/1Wrb6ywwKDjB153Uxv7YnGx5BFohoGGDu/view?usp=sharing
942 _cAGR
999 _c584
_d584